000 00707nam a22002297a 4500
003 UA-OsUOA
001 129410
007 ta
008 20180301b un ||||| |||| 00| 0 ukr d
100 _aГороховський А.
090 _a82-94
_bГ70
942 _cBK
040 _aUA-OsUOA
_bukr
_cUA-OsUOA
_dUA-OsUOA
245 _aКрізь тернії до зірок
_bГайді Стефанишин-Пайпер перша у світі українка-астронавт
300 _a160 с.
955 _a1
041 _aukr
080 _a82-94
260 _aСША
_bМегатрон
_c2007
650 7 _a82 Література. Літературознавство
_2UDC
999 _c417280
_d417280